|
|
|
|
| LEADER |
00000nam a22000007a 4500 |
| 008 |
240422b |||||||| |||| 00| 0 eng d |
| 020 |
|
|
|a 9780367621278
|
| 245 |
|
|
|a CANCER, nutrition and eating behaviour
|b : a biobehavioral perspective
|c Thomas G. Burish, Sandra M. levy and Beth E. Meyerowitz
|g xi, 240p.
|
| 250 |
|
|
|c BURISH, Thomas G., LEVY, Sandra M., MEYEROWITZ, Beth E.
|
| 260 |
|
|
|b Routledge
|c 2021
|h London
|i 702522
|l RC261.C16
|m Cancer - Congresses
|m Cancer- Nutritional aspects- congresses
|m Cancer- Treatment - complications and sequelae
|
| 500 |
|
|
|a It includes index and references
|
| 942 |
|
|
|a lcc
|c BK
|e Adeyemo O.O
|f 22/04/2024
|
| 952 |
|
|
|0 0
|1 0
|2 lcc
|4 0
|6 RC0261 C16
|7 0
|9 5091
|a HOL
|b HOL
|c QZ
|d 2024-04-22
|l 0
|o RC261.C16
|p 2024-0339
|r 2024-04-22 00:00:00
|t 702522
|w 2024-04-22
|y BK
|
| 999 |
|
|
|c 2526
|d 2526
|